000 01349cam a22003974i 4500
003 PE-LiUPU
005 20250731173200.0
008 150623s r 000 0 d
035 _a(Sirsi) a29956
040 _aPE-LiUPU
_bspa
_cPE-LiUPU
_erda
082 0 4 _a200.0019
_bS47
_221
100 1 _aShankel, George Edgar,
_d1894-1976,
_eautor.
245 1 0 _aGod and Man in History :
_ba study in the Christian understanding of history /
_cGeorge Edgar Shankel.
264 1 _aTennessee :
_bsouthern publishing association,
_c1967.
300 _a268 páginas ;
_c21 cm.
336 _atext
_2rdacontent
337 _aunmediated
_2rdamedia
338 _avolume
_2rdacarrier
526 _aSEG42
526 _aSEG41
526 _aSEG40
526 _aSEG39
526 _aP94
526 _aP87
526 _aP86
526 _aP85
526 _aP77
526 _aP76
526 _aP35
650 0 4 _aHistoria
_xCristianismo.
942 _2ddc
_cBOOK
949 _a200.0019 S47
_wDEWEY
_c1
_i37155
_lCCODEBUL1
_mBUL
_p00.00
_r0
_sY
_tBOOK
_u2015-06-24
_xTEOLOGIA
_PP35
_0COMPRA
_o.STAFF. Colección General
596 _a1
999 _a200.0019 S47
_wDEWEY
_c37362
_i37155
_f2021-11-9
_g5
_lCCODEBUL1
_mBUL
_r0
_sY
_tBOOK
_u2015-6-24
_xTEOLOGIA
_PP35
_0COMPRA
_o.STAFF. Colección General
_d37362
980 _81
_gALBERTO SANCHEZ Responsable de Automatización